Principal Cities of New York - Statistics

General Stats
  • This quiz has been taken 33 times
  • The average score is 14 of 39
Answer Stats
Population Answer % Correct
8,804,190 New York
100%
99,224 Albany
96%
278,349 Buffalo
96%
211,328 Rochester
84%
148,620 Syracuse
80%
32,108 Ithaca
56%
67,047 Schenectady
56%
65,283 Utica
56%
47,969 Binghamton
52%
31,577 Poughkeepsie
48%
32,127 Rome
44%
51,401 Troy
44%
28,712 Jamestown
40%
24,069 Kingston
40%
24,685 Watertown
36%
26,523 Elmira
32%
19,841 Plattsburgh
32%
17,556 Cortland
28%
18,219 Amsterdam
24%
26,866 Auburn
24%
10,551 Corning
24%
14,830 Glens Falls
24%
28,856 Newburgh
24%
59,559 White Plains
24%
15,600 Batavia
20%
12,743 Dunkirk
20%
30,345 Middletown
20%
5,894 Hudson
16%
10,151 Massena
16%
10,064 Ogdensburg
16%
13,937 Olean
16%
13,079 Oneonta
16%
6,809 Seneca Falls
16%
9,585 Fredonia
12%
11,526 Woodbury
8%
89,877 Cheektowaga
4%
15,896 Fort Drum
4%
15,131 Gloversville
4%
5,483 Malone
4%
No matching quizzes found
Score Distribution
Percent of People with Each Score
Percentile by Number Answered
Your Score History
You have not taken this quiz